<?xml version="1.0" encoding="UTF-8"?>
<record
    xmlns:xsi="http://www.w3.org/2001/XMLSchema-instance"
    xsi:schemaLocation="http://www.loc.gov/MARC21/slim http://www.loc.gov/standards/marcxml/schema/MARC21slim.xsd"
    xmlns="http://www.loc.gov/MARC21/slim">

  <leader>01575nam a22002537a 4500</leader>
  <controlfield tag="001">3666</controlfield>
  <controlfield tag="003">FISKH</controlfield>
  <controlfield tag="005">20250528093316.0</controlfield>
  <controlfield tag="008">240404b        cb ||||| |||| 00| 0 eng d</controlfield>
  <datafield tag="040" ind1=" " ind2=" ">
    <subfield code="a">FISKH</subfield>
    <subfield code="b">khr </subfield>
    <subfield code="c">FISKH</subfield>
    <subfield code="d">FISKH</subfield>
  </datafield>
  <datafield tag="050" ind1=" " ind2=" ">
    <subfield code="a">PZ7</subfield>
  </datafield>
  <datafield tag="082" ind1=" " ind2=" ">
    <subfield code="a">398.209596</subfield>
  </datafield>
  <datafield tag="100" ind1=" " ind2=" ">
    <subfield code="a">Anonymous </subfield>
  </datafield>
  <datafield tag="245" ind1=" " ind2=" ">
    <subfield code="a">&#x1794;&#x17D2;&#x179A;&#x1787;&#x17BB;&#x17C6;&#x179A;&#x17BF;&#x1784;&#x1796;&#x17D2;&#x179A;&#x17C1;&#x1784;&#x1781;&#x17D2;&#x1798;&#x17C2;&#x179A; / </subfield>
    <subfield code="c">&#x1780;&#x17D2;&#x179A;&#x17BB;&#x1798;&#x1787;&#x17BB;&#x17C6;&#x1793;&#x17BB;&#x17C6;&#x1791;&#x17C6;&#x1793;&#x17C0;&#x1791;&#x17C6;&#x179B;&#x17B6;&#x1794;&#x17CB;&#x1781;&#x17D2;&#x1798;&#x17C2;&#x179A;</subfield>
  </datafield>
  <datafield tag="260" ind1=" " ind2=" ">
    <subfield code="a">&#x1797;&#x17D2;&#x1793;&#x17C6;&#x1796;&#x17C1;&#x1789; : </subfield>
    <subfield code="b">&#x1782;&#x17D2;&#x179A;&#x17B9;&#x17C7;&#x179F;&#x17D2;&#x1790;&#x17B6;&#x1793;&#x1794;&#x17C4;&#x17C7;&#x1796;&#x17BB;&#x1798;&#x17D2;&#x1796; &#x1793;&#x17B7;&#x1784;&#x1785;&#x17C2;&#x1780;&#x1795;&#x17D2;&#x179F;&#x17B6;&#x1799; &#x1793;&#x17C3;&#x1780;&#x17D2;&#x179A;&#x179F;&#x17BD;&#x1784;&#x17A2;&#x1794;&#x17CB;&#x179A;&#x17C6; &#x1799;&#x17BB;&#x179C;&#x1787;&#x1793; &#x1793;&#x17B7;&#x1784;&#x1780;&#x17B8;&#x17A1;&#x17B6;,</subfield>
    <subfield code="c">2009.</subfield>
  </datafield>
  <datafield tag="300" ind1=" " ind2=" ">
    <subfield code="a">148 pages : </subfield>
    <subfield code="c">21 cm </subfield>
  </datafield>
  <datafield tag="490" ind1=" " ind2=" ">
    <subfield code="v">&#x1797;&#x17B6;&#x1782; &#x17E2; </subfield>
  </datafield>
  <datafield tag="520" ind1=" " ind2=" ">
    <subfield code="a">&#x1787;&#x17B6;&#x1794;&#x17D2;&#x179A;&#x1797;&#x17C1;&#x1791;&#x179A;&#x17BF;&#x1784;&#x1796;&#x17D2;&#x179A;&#x17C1;&#x1784;&#x179A;&#x1794;&#x179F;&#x17CB;&#x1781;&#x17D2;&#x1798;&#x17C2;&#x179A;&#x1799;&#x17BE;&#x1784;&#x178A;&#x17C2;&#x179B;&#x1798;&#x17B6;&#x1793;&#x1799;&#x17BC;&#x179A;&#x179B;&#x1784;&#x17CB;&#x178E;&#x17B6;&#x179F;&#x17CB;&#x1798;&#x1780;&#x17A0;&#x17BE;&#x1799; &#x178A;&#x17C2;&#x179B;&#x1793;&#x17B7;&#x1799;&#x17B6;&#x1799;&#x1796;&#x17B8;&#x1794;&#x17D2;&#x179A;&#x179C;&#x178F;&#x17D2;&#x178F;&#x179F;&#x17B6;&#x179F;&#x17D2;&#x179A;&#x17D2;&#x178F; &#x178F;&#x17BB;&#x179B;&#x17B6;&#x1780;&#x17B6;&#x179A;&#x1780;&#x17B6;&#x178F;&#x17CB;&#x1780;&#x17D2;&#x178A;&#x17B8;&#x178A;&#x17C4;&#x1799;&#x179F;&#x17BB;&#x1797;&#x17B6;&#x1791;&#x1793;&#x17D2;&#x179F;&#x17B6;&#x1799; &#x1780;&#x17B6;&#x179A;&#x1793;&#x17C1;&#x179F;&#x17B6;&#x1791; &#x1791;&#x17C6;&#x1793;&#x17C0;&#x1798;&#x1791;&#x1798;&#x17D2;&#x179B;&#x17B6;&#x1794;&#x17CB;&#x1794;&#x17D2;&#x179A;&#x1796;&#x17C3;&#x178E;&#x17B8;&#x1796;&#x17B8;&#x1794;&#x17BB;&#x179A;&#x17B6;&#x178E; &#x1793;&#x17B7;&#x1784;&#x179B;&#x17D2;&#x1794;&#x17C2;&#x1784;&#x179F;&#x17B6;&#x179F;&#x17D2;&#x179A;&#x17D2;&#x178F;&#x17B6;&#x1787;&#x17B6;&#x178A;&#x17BE;&#x1798;&#x17D4; </subfield>
  </datafield>
  <datafield tag="520" ind1=" " ind2=" ">
    <subfield code="a">It is a kind of Khmer legend that has been around for a long time, which talks about the history of the court, the trial by Sophea Tonsay, fishing, ancient traditions and games.</subfield>
  </datafield>
  <datafield tag="650" ind1=" " ind2=" ">
    <subfield code="a">&#x179A;&#x17BF;&#x1784;&#x1793;&#x17B7;&#x1791;&#x17B6;&#x1793; </subfield>
    <subfield code="x">&#x179A;&#x17BF;&#x1784;&#x1781;&#x17D2;&#x1798;&#x17C2;&#x179A; </subfield>
  </datafield>
  <datafield tag="650" ind1=" " ind2=" ">
    <subfield code="a">Fairytale </subfield>
    <subfield code="x">Khmer story </subfield>
  </datafield>
  <datafield tag="942" ind1=" " ind2=" ">
    <subfield code="2">ddc</subfield>
    <subfield code="c">KHB</subfield>
    <subfield code="n">0</subfield>
  </datafield>
  <datafield tag="999" ind1=" " ind2=" ">
    <subfield code="c">3666</subfield>
    <subfield code="d">3666</subfield>
  </datafield>
  <datafield tag="952" ind1=" " ind2=" ">
    <subfield code="0">0</subfield>
    <subfield code="1">0</subfield>
    <subfield code="2">ddc</subfield>
    <subfield code="4">0</subfield>
    <subfield code="7">0</subfield>
    <subfield code="8">KH</subfield>
    <subfield code="a">001</subfield>
    <subfield code="b">001</subfield>
    <subfield code="c">OKHR</subfield>
    <subfield code="d">2024-04-04</subfield>
    <subfield code="l">0</subfield>
    <subfield code="o">ANO 398.209596 PZ7 </subfield>
    <subfield code="p">2024-0466</subfield>
    <subfield code="r">2024-04-04 09:02:07</subfield>
    <subfield code="t">1</subfield>
    <subfield code="w">2024-04-04</subfield>
    <subfield code="y">KHB</subfield>
  </datafield>
  <datafield tag="952" ind1=" " ind2=" ">
    <subfield code="0">0</subfield>
    <subfield code="1">0</subfield>
    <subfield code="2">ddc</subfield>
    <subfield code="4">0</subfield>
    <subfield code="7">0</subfield>
    <subfield code="8">KH</subfield>
    <subfield code="a">002</subfield>
    <subfield code="b">002</subfield>
    <subfield code="c">SKB</subfield>
    <subfield code="d">2024-04-04</subfield>
    <subfield code="l">0</subfield>
    <subfield code="o">ANO 398.209596 PZ7 </subfield>
    <subfield code="p">FIS02305</subfield>
    <subfield code="r">2024-09-20 14:18:01</subfield>
    <subfield code="t">2</subfield>
    <subfield code="w">2024-04-04</subfield>
    <subfield code="y">KHB</subfield>
  </datafield>
  <datafield tag="952" ind1=" " ind2=" ">
    <subfield code="0">0</subfield>
    <subfield code="1">0</subfield>
    <subfield code="2">ddc</subfield>
    <subfield code="4">0</subfield>
    <subfield code="7">0</subfield>
    <subfield code="8">KH</subfield>
    <subfield code="a">002</subfield>
    <subfield code="b">002</subfield>
    <subfield code="c">SKB</subfield>
    <subfield code="d">2024-04-04</subfield>
    <subfield code="l">0</subfield>
    <subfield code="o">ANO 398.209596 PZ7 </subfield>
    <subfield code="p">FISSE02141</subfield>
    <subfield code="r">2025-03-10 11:32:21</subfield>
    <subfield code="t">3</subfield>
    <subfield code="w">2024-04-04</subfield>
    <subfield code="y">KHB</subfield>
  </datafield>
  <datafield tag="952" ind1=" " ind2=" ">
    <subfield code="0">0</subfield>
    <subfield code="1">0</subfield>
    <subfield code="2">ddc</subfield>
    <subfield code="4">0</subfield>
    <subfield code="7">0</subfield>
    <subfield code="8">KH</subfield>
    <subfield code="a">002</subfield>
    <subfield code="b">002</subfield>
    <subfield code="c">TTP Khmer</subfield>
    <subfield code="d">2025-03-31</subfield>
    <subfield code="l">1</subfield>
    <subfield code="o">ANO 398.209596 PZ7 </subfield>
    <subfield code="p">FISSE02480</subfield>
    <subfield code="r">2025-09-30 10:32:33</subfield>
    <subfield code="s">2025-07-15</subfield>
    <subfield code="t">4</subfield>
    <subfield code="w">2025-03-31</subfield>
    <subfield code="y">KHB</subfield>
  </datafield>
  <datafield tag="952" ind1=" " ind2=" ">
    <subfield code="0">0</subfield>
    <subfield code="1">0</subfield>
    <subfield code="2">ddc</subfield>
    <subfield code="4">0</subfield>
    <subfield code="7">0</subfield>
    <subfield code="8">KH</subfield>
    <subfield code="a">002</subfield>
    <subfield code="b">002</subfield>
    <subfield code="c">SKB</subfield>
    <subfield code="d">2025-03-31</subfield>
    <subfield code="l">0</subfield>
    <subfield code="o">ANO 398.209596 PZ7 </subfield>
    <subfield code="p">FIS05037</subfield>
    <subfield code="r">2025-03-31 10:15:02</subfield>
    <subfield code="t">5</subfield>
    <subfield code="w">2025-03-31</subfield>
    <subfield code="y">KHB</subfield>
  </datafield>
  <datafield tag="952" ind1=" " ind2=" ">
    <subfield code="0">0</subfield>
    <subfield code="1">0</subfield>
    <subfield code="2">ddc</subfield>
    <subfield code="4">0</subfield>
    <subfield code="7">0</subfield>
    <subfield code="8">KH</subfield>
    <subfield code="a">002</subfield>
    <subfield code="b">002</subfield>
    <subfield code="c">TTP Khmer</subfield>
    <subfield code="d">2025-03-31</subfield>
    <subfield code="l">0</subfield>
    <subfield code="o">ANO 398.209596 PZ7 </subfield>
    <subfield code="p">FIS05189</subfield>
    <subfield code="r">2025-03-31 10:15:25</subfield>
    <subfield code="t">6</subfield>
    <subfield code="w">2025-03-31</subfield>
    <subfield code="y">KHB</subfield>
  </datafield>
  <datafield tag="952" ind1=" " ind2=" ">
    <subfield code="0">0</subfield>
    <subfield code="1">0</subfield>
    <subfield code="2">ddc</subfield>
    <subfield code="4">0</subfield>
    <subfield code="7">0</subfield>
    <subfield code="8">KH</subfield>
    <subfield code="a">002</subfield>
    <subfield code="b">002</subfield>
    <subfield code="c">TTP Khmer</subfield>
    <subfield code="d">2025-03-31</subfield>
    <subfield code="l">1</subfield>
    <subfield code="o">ANO 398.209596 PZ7 </subfield>
    <subfield code="p">FISSE02307</subfield>
    <subfield code="r">2025-09-30 10:29:10</subfield>
    <subfield code="s">2025-07-15</subfield>
    <subfield code="t">7</subfield>
    <subfield code="w">2025-03-31</subfield>
    <subfield code="y">KHB</subfield>
  </datafield>
  <datafield tag="952" ind1=" " ind2=" ">
    <subfield code="0">0</subfield>
    <subfield code="1">0</subfield>
    <subfield code="2">ddc</subfield>
    <subfield code="4">0</subfield>
    <subfield code="7">0</subfield>
    <subfield code="8">KH</subfield>
    <subfield code="a">002</subfield>
    <subfield code="b">002</subfield>
    <subfield code="c">SKB</subfield>
    <subfield code="d">2025-11-21</subfield>
    <subfield code="l">0</subfield>
    <subfield code="o">ANO 398.209596 PZ7 </subfield>
    <subfield code="p">2025-4882</subfield>
    <subfield code="r">2025-11-21 14:08:55</subfield>
    <subfield code="t">8</subfield>
    <subfield code="w">2025-11-21</subfield>
    <subfield code="y">KHB</subfield>
  </datafield>
</record>
